On This Day: January 14th Quiz Stats

 Plays Quiz Updated Jan 14, 2018

Challenge
Share
Tweet
Embed
Score 0/7 Timer 03:00
1 Play Today
Question Answer Wrong Answers
This American musician, the front man and founder of the rock band ‘Foo Fighters’, is born.
1969
Dave Grohl
81.7%
Kurt Cobain
8.4%
Lars Ulrich
4.6%
Taylor Hawkins
3.5%
The Continental Congress ratifies the Treaty of ______ with Great Britain, officially ending the American Revolutionary War.
1784
Paris
80.8%
London
12.2%
Stockholm
4.6%
Madrid
2.3%
This long-running news program on NBC debuts with host Dave Garroway.
1952
Today
65%
Good Morning America
28.6%
The Early Show
3.7%
The Daily Buzz
1.4%
This man is inaugurated as the first President of Yugoslavia.
1953
Josip Broz Tito
56.4%
Slobodan Milošević
26.1%
Enver Hoxha
3.2%
Nicolae Ceaușescu
12.7%
The national flag of this Caucasus country, sometimes called the ‘five cross flag’, is restored to official use after some 500 year hiatus.
2004
Georgia
52.7%
Armenia
23%
Russia
3.2%
Ukraine
18.7%
Queen Margrethe II of ______ ascends the throne.
1972
Denmark
52%
Finland
4.3%
Sweden
25.2%
Norway
16.5%
Franklin D. Roosevelt and Winston Churchill begin the ______ Conference to discuss strategy and study the next phase of WWII.
1943
Casablanca
50.3%
Tangier
33.8%
Fes
6.1%
Rabat
9.3%

Today's Daily Dose

You're not logged in!

Compare scores with friends on all Sporcle quizzes.
Join for Free
OR
Log In

You Might Also Like...

Show Comments

Extras

Top Quizzes Today


Score Distribution

Your Account Isn't Verified!

In order to create a playlist on Sporcle, you need to verify the email address you used during registration. Go to your Sporcle Settings to finish the process.

Report this User

Report this user for behavior that violates our Community Guidelines.

Details: